ბათუმის შოთა რუსთაველის სახელმწიფო უნივერსიტეტის ბიბლიოთეკა

Single Variable Calculus / (ბიბ.ჩანაწერი № 50563)

000 -LEADER
fixed length control field 01038cam a22003014a 4500
001 - CONTROL NUMBER
control field 14588305
005 - DATE AND TIME OF LATEST TRANSACTION
control field 20200220174447.0
008 - FIXED-LENGTH DATA ELEMENTS--GENERAL INFORMATION
fixed length control field 061010s2008 nyua b 001 0 eng
010 ## - LIBRARY OF CONGRESS CONTROL NUMBER
LC control number 2006936134
020 ## - INTERNATIONAL STANDARD BOOK NUMBER
International Standard Book Number 9780716769118
020 ## - INTERNATIONAL STANDARD BOOK NUMBER
International Standard Book Number 0716769115
040 ## - CATALOGING SOURCE
Original cataloging agency DLC
Transcribing agency DLC
Modifying agency DLC
042 ## - AUTHENTICATION CODE
Authentication code pcc
050 00 - LIBRARY OF CONGRESS CALL NUMBER
Classification number QA303.2
Item number .R64 2008
080 ## - UNIVERSAL DECIMAL CLASSIFICATION NUMBER
Universal Decimal Classification number 511 R-71
082 00 - DEWEY DECIMAL CLASSIFICATION NUMBER
Classification number 515
Edition number 22
100 1# - MAIN ENTRY--PERSONAL NAME
Personal name Rogawski, Jon,
Dates associated with a name 1955-
9 (RLIN) 7306
245 10 - TITLE STATEMENT
Title Single Variable Calculus /
Statement of responsibility, etc. Jon Rogawski.
264 ## - PRODUCTION, PUBLICATION, DISTRIBUTION, MANUFACTURE, AND COPYRIGHT NOTICE
Place of production, publication, distribution, manufacture New York :
Name of producer, publisher, distributor, manufacturer W.H. Freeman,
Date of production, publication, distribution, manufacture, or copyright notice c2008.
300 ## - PHYSICAL DESCRIPTION
Extent xviii, 1027, 108, 16 p. :
Other physical details col. ill. ;
Dimensions 26 cm.
504 ## - BIBLIOGRAPHY, ETC. NOTE
Bibliography, etc. note Includes bibliographical references (p. 103-106, 2nd group) and index.
650 #0 - SUBJECT ADDED ENTRY--TOPICAL TERM
Topical term or geographic name entry element Calculus
Form subdivision Textbooks.
9 (RLIN) 7307
653 ## - INDEX TERM--UNCONTROLLED
keyword მათემატიკა
906 ## - LOCAL DATA ELEMENT F, LDF (RLIN)
a 7
b cbc
c orignew
d 1
e ocip
f 20
g y-gencatlg
942 ## - ADDED ENTRY ELEMENTS (KOHA)
Source of classification or shelving scheme
Koha item type წიგნი
ეგზემპლარები
Withdrawn status Lost status Source of classification or shelving scheme Damaged status Not for loan Permanent Location Current Location Shelving location Date acquired Cost, normal purchase price Full call number Barcode Date last seen Copy number Price effective from Koha item type Public note
          ბათუმის შოთა რუსთაველის სახელმწიფო უნივერსიტეტის მთავარი ბიბლიოთეკა ბათუმის შოთა რუსთაველის სახელმწიფო უნივერსიტეტის მთავარი ბიბლიოთეკა წიგნსაცავი 2018-12-17 250.00 511 R-71 642 2018-12-17 642 2018-12-17 წიგნი 250 ლ.
          ბათუმის შოთა რუსთაველის სახელმწიფო უნივერსიტეტის მთავარი ბიბლიოთეკა ბათუმის შოთა რუსთაველის სახელმწიფო უნივერსიტეტის მთავარი ბიბლიოთეკა წიგნსაცავი 2018-12-17 250.00 511 R-71 686 2018-12-17 686 2018-12-17 წიგნი 250 ლ.